<?xml version="1.0" encoding="UTF-8"?><?xml-stylesheet type="text/xsl" href="static/style.xsl"?><OAI-PMH xmlns="http://www.openarchives.org/OAI/2.0/" xmlns:xsi="http://www.w3.org/2001/XMLSchema-instance" xsi:schemaLocation="http://www.openarchives.org/OAI/2.0/ http://www.openarchives.org/OAI/2.0/OAI-PMH.xsd"><responseDate>2026-04-17T07:26:58Z</responseDate><request verb="GetRecord" identifier="oai:www.recercat.cat:10459.1/65412" metadataPrefix="marc">https://recercat.cat/oai/request</request><GetRecord><record><header><identifier>oai:recercat.cat:10459.1/65412</identifier><datestamp>2024-12-05T22:02:48Z</datestamp><setSpec>com_2072_3622</setSpec><setSpec>col_2072_479130</setSpec></header><metadata><record xmlns="http://www.loc.gov/MARC21/slim" xmlns:dcterms="http://purl.org/dc/terms/" xmlns:xsi="http://www.w3.org/2001/XMLSchema-instance" xmlns:doc="http://www.lyncode.com/xoai" xsi:schemaLocation="http://www.loc.gov/MARC21/slim http://www.loc.gov/standards/marcxml/schema/MARC21slim.xsd">
   <leader>00925njm 22002777a 4500</leader>
   <datafield ind2=" " ind1=" " tag="042">
      <subfield code="a">dc</subfield>
   </datafield>
   <datafield ind2=" " ind1=" " tag="720">
      <subfield code="a">Lorente-Catalán, Eloisa</subfield>
      <subfield code="e">author</subfield>
   </datafield>
   <datafield ind2=" " ind1=" " tag="260">
      <subfield code="c">2019-01-08T08:35:50Z</subfield>
   </datafield>
   <datafield ind2=" " ind1=" " tag="260">
      <subfield code="c">2019-01-08T08:35:50Z</subfield>
   </datafield>
   <datafield ind2=" " ind1=" " tag="260">
      <subfield code="c">2008</subfield>
   </datafield>
   <datafield ind2=" " ind1=" " tag="520">
      <subfield code="a">Este artículo trata sobre una propuesta para la práctica pedagógica y el aprendizaje de la Educación Física que intenta implicar al máximo al alumnado en el proceso de enseñanza-aprendizaje, permitiéndole asumir altas cotas de responsabilidad en la gestión de la clase. Está basado en los resultados de una investigación que se inició en 1995 y que permitió seguir, durante los cuatro cursos de Secundaria Obligatoria, la evolución de un mismo grupo de estudiantes en sus clases de Educación Física. Tres años más tarde, ya fuera de la influencia del profesor y con la perspectiva del tiempo, se volvió a recoger información sobre la funcionalidad atribuida a lo aprendido en las clases de autogestión. En el artículo se sintetizan las líneas maestras de dicho planteamiento y las conclusiones pertinentes sobre su valor educativo para su posible extrapolación a otros casos y contextos.</subfield>
   </datafield>
   <datafield ind2=" " ind1=" " tag="520">
      <subfield code="a">This article explains a proposal for the pedagogical practice and the learning of the Physical Education that tries to imply to the maximum to the student in the teaching-learning process. Students choose, design and carry out the sessions adopting the role of teacher of their partners. The article is based on the results of investigation made during four years in the high school and after three years outside of the professor’s influence, we studied the consequences of the self-management learning with some of the students. We try to extract some suggestions about possible applications and to check the great educational potential of the self-management.</subfield>
   </datafield>
   <datafield ind1="8" ind2=" " tag="024">
      <subfield code="a">http://hdl.handle.net/10459.1/65412</subfield>
   </datafield>
   <datafield tag="653" ind2=" " ind1=" ">
      <subfield code="a">Educación Física</subfield>
   </datafield>
   <datafield tag="653" ind2=" " ind1=" ">
      <subfield code="a">Autogestión</subfield>
   </datafield>
   <datafield tag="653" ind2=" " ind1=" ">
      <subfield code="a">Autonomía</subfield>
   </datafield>
   <datafield tag="653" ind2=" " ind1=" ">
      <subfield code="a">Pedagogía crítica</subfield>
   </datafield>
   <datafield ind2="0" ind1="0" tag="245">
      <subfield code="a">Estimular la responsabilidad y la iniciativa: autogestión en educación física</subfield>
   </datafield>
</record></metadata></record></GetRecord></OAI-PMH>